色反転した国旗クイズ #1 - Statistics

General Stats
  • This quiz has been taken 396 times
  • The average score is 11 of 16
Answer Stats
Picture Answer % Correct
バングラデシュ人民共和国
87%
パラオ共和国
86%
イタリア共和国
82%
デンマーク
80%
スウェーデン王国
77%
タイ王国
71%
オランダ
67%
オーストリア共和国
67%
ウクライナ
65%
ドイツ連邦共和国
65%
フランス共和国
64%
ロシア連邦
63%
アイルランド共和国
50%
ブルガリア共和国
43%
ハンガリー
42%
コートジボワール共和国
41%
No matching quizzes found
Score Distribution
Percent of People with Each Score
Percentile by Number Answered
Your Score History
You have not taken this quiz